Law of contract-II / (Record no. 100786)

MARC details
000 -LEADER
fixed length control field 00571nam a22001937a 4500
005 - DATE AND TIME OF LATEST TRANSACTION
control field 20160630134021.0
010 ## - LCCN (DPL NO)
LC control number ENG-115314
020 ## - INTERNATIONAL STANDARD BOOK NUMBER
International Standard Book Number 9789351437918
Terms of availability 130.00
035 ## - SYSTEM CONTROL NUMBER
System control number EN-98846
037 ## - SOURCE OF ACQUISITION
Source of stock number/acquisition DBAD/PUB
082 ## - DEWEY DECIMAL CLASSIFICATION NUMBER
Classification number 346.5402
100 ## - MAIN ENTRY--PERSONAL NAME
Personal name Roser S.R.A.
245 ## - TITLE STATEMENT
Title Law of contract-II /
Statement of responsibility, etc by Rosedar S.R.A.
250 ## - EDITION STATEMENT
Edition statement 2nd edition
260 ## - PUBLICATION, DISTRIBUTION, ETC. (IMPRINT)
Place of publication, distribution, etc Gurgaon
Name of publisher, distributor, etc Lexis Nexis
Date of publication, distribution, etc 2016
270 ## - ADDRESS
Address 14th floor,Building No-10,Tower-B,DLF Cyber City,Phase-II
City Gurgaon
Postal code 122002
300 ## - PHYSICAL DESCRIPTION
Extent xviii,175p.
Dimensions 22cm(Hb)
942 ## - ADDED ENTRY ELEMENTS (KOHA)
Source of classification or shelving scheme Dewey Decimal Classification
Item type English Books
Call number suffix ROS
Classification part 346.5402
Holdings
Withdrawn status Lost status Not for loan Collection code Home library Current library Date acquired Source of acquisition Cost, normal purchase price Full call number Barcode Copy number Cost, replacement price Koha item type
    Not For Loan Non-fiction D.B.Act.Division Bawana 16/06/2016 DBAD/PUB 130.00 346.5402 ROS EN -98846 1 130.00 English Books

© Delhi Public Library
Hit Counter
free hit counter